000 00360nam a2200133 a 4500
001 000046357
005 20201002052819.0
008 150803s2006 000 spa d
040 _aDO-SdBNP
_bspa
_cBNPHU
100 1 _aRilke, Diodoro
_974386
245 0 _aPara no olvidar. /
_cDiodoro Rilke.
260 _a[s.l.], :
_b[s.n],
_c2006.
300 _a55 p. : ;
_c23 cm.
999 _c45846
_d45846